000 00933nam a2200229 a 4500
001 BRCA_8965
005 20190320210456.0
008 050717s1771----sp-#######---#000-0#spa-#
041 _aspa
044 _asp
084 _aCO77
_b.B68 1771
100 1 _aBossuet, Jacobo Benigno
_921906
245 1 0 _aDefensa de la declaración de la asamblea del clero de Francia de 1682
_ba cerca de la potestad eclesiástica
_cpor el Ilmo. Señor Jacobo Benigno Bossuet, Obispo de Meaux; traducida en español por el Doctor Don Francisco Martínez Molés; Tomo segundo.
260 _aMadrid
_bEn la Oficina de Pedro Marin
_c1771
300 _aXV, 415 p. (t.2)
_c21 x 16 cm
500 _aCon Superior Permiso, y Licencia
500 _aEstado físico: presenta encuadernación en pergamino
650 1 4 _aPolítica
_yObras anteriores a 1800
_zFrancia
_921801
700 1 _aMartínez Molés, Francisco
_etr.
_922267
902 _aCFM
942 _2lcc
_cB
999 _c8616
_d8616